00555cam a22001813a 450000100060000000300060000600500170001200800410002904000150007004200070008510000310009224501000012326000290022350600300025251600200028283000290030285600420033143598PGUSA20140828084006.0130829s2013||||xxu|||||s|||||000 | eng d aPGUSAbeng adc1 aAngell, Norman,d1874-196714aThe Fruits of Victory :bA Sequel to The Great Illusionh[electronic resource] /cNorman Angell bProject Gutenberg,c2013 aPublic domain in the USA. aElectronic text 0aProject Gutenbergv4359840uhttp://www.gutenberg.org/ebooks/43598